00529nam a2200157Ia 4500008004100000041000800041082001600049100002000065245005900085250001400144260002500158300001900183520002900202999001700231952012300248240719s9999 xx 000 0 und d aeng a658.408 FER aFernando, A. C. aCorporate Governance Principles Policies And Practices a(3rd Ed.) aNoidabPearsonc2020 a669;. P. 24 Cm aGifted By : IMT Faculty  c41406d41406 00104070aIMTNbIMTNcRack 31-Bd2023-07-18g659.00o658.408 FERp33101r2024-07-19 00:00:00w2024-07-19yBKzGifted